ESA/1 (Record no. 102351)

MARC details
000 -LEADER
fixed length control field 01078cam a2200253 4500
001 - CONTROL NUMBER
control field ##J119632
008 - FIXED-LENGTH DATA ELEMENTS--GENERAL INFORMATION
fixed length control field #DATE n2002 000 0 eng u
035 ## - SYSTEM CONTROL NUMBER
System control number (Sirsi) u119632
041 0# - LANGUAGE CODE
Language code of text/sound track or separate title eng
050 04 - LIBRARY OF CONGRESS CALL NUMBER
Classification number 692.9 $2 18
110 2# - MAIN ENTRY--CORPORATE NAME
Corporate name or jurisdiction name as entry element Royal Institute of British Architects
9 (RLIN) 2527
240 00 - UNIFORM TITLE
Uniform title ESA/1 02
245 00 - TITLE STATEMENT
Title ESA/1
Remainder of title RIBA/SECG Form of Employer/Specialist Agreement 2002 Edition
-- for use between the Employer and a Specialist to be named under the JCT Intermediate Form of Building Contract 1998 Edition (IFC 98)
260 ## - PUBLICATION, DISTRIBUTION, ETC.
Place of publication, distribution, etc. London
Name of publisher, distributor, etc. RIBA Enterprises
Date of publication, distribution, etc. 2002
300 ## - PHYSICAL DESCRIPTION
Extent 41p.
Dimensions 30cm.
350 ## - PRICE (NR) (BK AM CF MU VM SE) [OBSOLETE]
Price 10
490 ## - SERIES STATEMENT
Series statement RIBA/SECG Form of Employer Specialist Agreement (2002 Edition)
650 24 - SUBJECT ADDED ENTRY--TOPICAL TERM
Topical term or geographic name entry element JCT INTERMEDIATE FORM OF BUILDING CONTRACT FOR WORKS OF SIMPLE CONTENT (1998 EDITION)
650 24 - SUBJECT ADDED ENTRY--TOPICAL TERM
Topical term or geographic name entry element RIBA/SECG FORM OF EMPLOYER/SPECIALIST AGREEMENT (2002 EDITION)
651 #4 - SUBJECT ADDED ENTRY--GEOGRAPHIC NAME
Geographic name United Kingdom
Chronological subdivision
690 ## - LOCAL SUBJECT ADDED ENTRY--TOPICAL TERM (OCLC, RLIN)
Topical term or geographic name as entry element BUILT ENVIRONMENT-BUILDING CONTRACT FORMS-STANDARD FORMS OF BUILDING CONTRACT
710 2# - ADDED ENTRY--CORPORATE NAME
Corporate name or jurisdiction name as entry element Specialist Engineering Contractors' Group
9 (RLIN) 4302
942 ## - ADDED ENTRY ELEMENTS (KOHA)
Suppress in OPAC 0
Holdings
Withdrawn status Lost status Source of classification or shelving scheme Damaged status Not for loan Home library Current library Shelving location Date acquired Total Checkouts Full call number Barcode Date last seen Copy number Price effective from Koha item type Cost, normal purchase price Cost, replacement price
    Dewey Decimal Classification     London London Boxed set 15/04/2004   JCT 2002/26 30069130 06/08/2019 1 06/08/2019 Reference material    
    Dewey Decimal Classification     London London Boxed set 21/12/2005   JCT 2002/26 119632-1002 06/08/2019 2 06/08/2019 Book 10.00 10.00